000 01004nam a22002057a 4500
999 _c57078
_d57078
003 Ge_BSU
005 20191112114159.0
008 191112s2019 ||||| |||| 00| 0 geo d
020 _a9789941958809
041 _ageo
_hfr
080 _a821.133.1.03=353.1 ვ-21
100 _aვარგასი, ფრედ.
_95302
245 _aაკრძალული ადგილი :
_bდეტექტივი /
_cფრედ ვარგასი ; ფრანგულ. თარგმ. ემა ობგაიძემ ; ყდის დიზ. მანანა კობახიძე.
264 _aთბილისი :
_b აგორა,
_c2019.
300 _a382 გვ. ;
_c20 სმ.
653 _aფრანგული პროზა
700 _a ობგაიძე, ემა
_eფრანგულიდან თარგმნა
_95303
700 _aკობახიძე, მანანა
_eყდის დიზაინი
_95304
942 _2udc
_cBK